Profesionální investoři preferují multi-asset fondy
Profesionálni ivestori preferujú multi-asset stratégie, do ktorých môžu investovať viac druhov aktív. Multi-asset stratégie sú v súčasnom ekonomickom prostredí nepostrádateľným doplnkom portfólií. Štruktúra portfólia a udržiavanie výkonnosti fondov.
Salvato in:
| Autore principale: | |
|---|---|
| Natura: | Capitolo di libro |
| Lingua: | ceco |
| Soggetti: | |
| Tags: |
Nessun Tag, puoi essere il primo ad aggiungerne!!
|
MARC
| LEADER | 00000naa a2200000 4500 | ||
|---|---|---|---|
| 001 | 0208967 | ||
| 005 | 20231211083945.3 | ||
| 041 | 0 | |a cze | |
| 044 | |a CZ | ||
| 245 | 1 | 0 | |a Profesionální investoři preferují multi-asset fondy |c Ján Kvapil |
| 520 | |a Profesionálni ivestori preferujú multi-asset stratégie, do ktorých môžu investovať viac druhov aktív. Multi-asset stratégie sú v súčasnom ekonomickom prostredí nepostrádateľným doplnkom portfólií. Štruktúra portfólia a udržiavanie výkonnosti fondov. | ||
| 610 | 2 | 0 | |a trh finančný |
| 610 | 2 | 0 | |a investori |
| 610 | 2 | 0 | |a stratégia investičná |
| 610 | 2 | 0 | |a aktíva finančné |
| 610 | 2 | 0 | |a fondy investičné |
| 610 | 2 | 0 | |a indexy burzové |
| 610 | 2 | 0 | |a diverzifikácia |
| 610 | 2 | 0 | |a portfólio |
| 100 | 1 | |a Kvapil, Ján | |